| 000 | 01073aam a2200325 i 4500 | ||
|---|---|---|---|
| 001 | 009395902 | ||
| 003 | EG-ScBUE | ||
| 005 | 20240331131540.0 | ||
| 008 | 980713t1998 enk f 001 ||eng d | ||
| 020 | _a0304349127 : | ||
| 020 | _a9780304349128 | ||
| 040 |
_aStDuBDS _beng _erda _cEG-ScBUE _dUk _dEG-ScBUE |
||
| 082 | 0 | 4 |
_a942 _222 _bCHU |
| 100 | 1 |
_aChurchill, Winston, _d1874-1965, _eauthor. _929554 |
|
| 245 | 1 | 2 |
_aA history of the English-speaking peoples / _cWinston S. Churchill ; a new one-volume abridgement by Christopher Lee. |
| 264 | 1 |
_aLondon : _bCassell, _c[1998] |
|
| 264 | 4 | _cc1998 | |
| 300 |
_aix, 628 pages ; _c24 cm |
||
| 336 |
_2rdacontent _atext _btxt |
||
| 337 |
_aunmediated _2rdamedia _bn |
||
| 338 |
_avolume _bnc _2rdacarrier |
||
| 500 | _aIncludes index. | ||
| 651 | 7 |
_aGreat Britain _xHistory. _2BUEsh _929555 |
|
| 653 | _cApril2012 | ||
| 655 | _vReading book | ||
| 700 | 1 |
_aLee, Christopher, _d1941- _econtributer. _929556 |
|
| 942 |
_2ddc _cBB |
||
| 999 |
_c16626 _d16626 |
||